Stany USA bez dostępu do Oceanu - Statystyki

Ogólne statystyki
  • Ten quiz został rozwiązany 69 razy
  • Średni wynik to 21 z 27
Statystyki odpowiedzi
Odpowiedź % Poprawnych
dakota południowa
95%
dakota północna
92%
missouri
90%
nevada
89%
indiana
85%
wirginia zachodnia
85%
utah
84%
arkansas
82%
kentucky
81%
michigan
81%
illinois
79%
iowa
79%
kansas
79%
wisconsin
79%
montana
77%
ohio
77%
tennessee
77%
wyoming
77%
kolorado
76%
arizona
74%
idaho
74%
nebraska
74%
oklahoma
74%
nowy meksyk
73%
minnesota
68%
pensylwania
63%
vermont
63%
Nie znaleziono quizów pasujących do podanych kryteriów
Rozkład punktacji
Procent ludzi z każdym wynikiem
Percentyl według liczby udzielonych odpowiedzi
Twoja historia wyników
Nie rozwiązałeś tego quizu